Preguntas y respuestas sobre derechos humanos (folleto) /

Guardado en:
Formato: Libro
Publicado: : , 1973
Materias:
Fc
Etiquetas: Agregar Etiqueta
Sin Etiquetas, Sea el primero en etiquetar este registro!
LEADER 00396nam a22001455a 4500
001 CEM.cems007738
005 20060214000000.0
008 130507s1973##################000#0#####d
003 CEMS
082 0 4 |a F320 
245 0 0 |a Preguntas y respuestas sobre derechos humanos (folleto) / 
260 |a  :  |b ,  |c 1973 
653 |a Derechos humanos 
653 |a Fc 
859 |a CEMS  |b BIB. CEMS - 11 de abril  |h F320  |i 5  |p 112.44  |t Ej.1